5HLuxD.jpg

KING HENRY VIII SENIOR AND PRIMARY SCHOOL LIBRARY OPAC

Mira 2 : (Record no. 3816)

000 -LEADER
fixed length control field 00854nam a22002057a 4500
003 - CONTROL NUMBER IDENTIFIER
control field OSt
005 - DATE AND TIME OF LATEST TRANSACTION
control field 20241031125629.0
008 - FIXED-LENGTH DATA ELEMENTS--GENERAL INFORMATION
fixed length control field 241031b ||||| |||| 00| 0 eng d
020 ## - INTERNATIONAL STANDARD BOOK NUMBER
International Standard Book Number 9780435392284
040 ## - CATALOGING SOURCE
Transcribing agency KH8
082 ## - DEWEY DECIMAL CLASSIFICATION NUMBER
Classification number 400 SIL
100 ## - MAIN ENTRY--PERSONAL NAME
Personal name Silva, Luis,
Relator term author.
245 ## - TITLE STATEMENT
Title Mira 2 :
Remainder of title Resource and Assessment Pack /
Statement of responsibility, etc. Luis Silva, Leanda Reed and Sue Platt.
260 ## - PUBLICATION, DISTRIBUTION, ETC.
Place of publication, distribution, etc. UK ;
Name of publisher, distributor, etc. Pearson Education Ltd ,
Date of publication, distribution, etc. 2008.
300 ## - PHYSICAL DESCRIPTION
Extent 127 pages :
Other physical details illustrations ;
Dimensions 30 cm +
Accompanying material 2 cd-rom.
520 ## - SUMMARY, ETC.
Summary, etc. Resource sheets<br/>• Gramática worksheets, including thinking skills activities, homework sheets and activities suitable for use as starters and plenaries<br/>• Palabras sheets.<br/>Assessment learning resources<br/>• Resumen revision checklists for each module.
700 ## - ADDED ENTRY--PERSONAL NAME
Personal name Reed, Leanda,
Relator term author.
700 ## - ADDED ENTRY--PERSONAL NAME
Personal name Platt, Sue,
Relator term author.
942 ## - ADDED ENTRY ELEMENTS (KOHA)
Source of classification or shelving scheme
Koha item type Teaching Resources
Holdings
Withdrawn status Lost status Source of classification or shelving scheme Damaged status Not for loan Collection code Permanent Location Current Location Shelving location Date acquired Full call number Barcode Date last seen Price effective from Koha item type
          Teaching Resources KH8 Senior School Library KH8 Senior School Library Staff Office 2024-10-31 400 SIL TRKHSL006097 2024-10-31 2024-10-31 Teaching Resources

Powered By KH8 IT Dept